000 00505nam a2200181Ia 4500
008 100917s9999 xx 000 0 und d
082 _b11982
100 _aहसमनीस द. का.
245 _aमोहाच फुल
260 _bयुवराज प्रकाशन
_c1973
300 _a163
365 _b10
520 _aकादंबरी
630 _aमोहाच फुल
650 _aकादंबरी
730 _aमोहाच फुल
942 _cBOOK
999 _c617376
_d617373